Регионална библиотека "Любен Каравелов" - Русе

Сталинска грижа за благото на народа (Запис номер 407294)

MARC детайли
000 -Лидер
Лидер 01435nam a2200289 a 4500
003 - Код на организацията, давaща контролен номер
Код на организацията, даваща контролен номер BLK
005 - Дата и час на последна редакция
Дата и час на последна редакция 20240612151541.0
008 - Елементи от данни с фиксирана дължина
Елементи с фиксирана дължина 180409b bul|||||r ||||||| ||bul||
040 ## - Източник на каталожния запис
Код на библиотеката BLK
041 ## - Код за език
Език Български
Език за КДБФ Български
080 ## - УДК
УДК текст Социални грижи. Социално осигуряване. Застрахователно дело. Вж и 061;172;316;304;308;311;34;37;614. 8
УДК код 36
УДК – определител (47+57)
УДК – код + определител 36(47+57)
080 ## - УДК
УДК текст Социалистическо и комунистическо общество - като социална система. Безкласови общества
УДК код 316.323.7
УДК – код + определител 316.323.7(47+57)
100 ## - Редна дума - Автор
Автор Немов, Николай Василиевич
R(LIN) 444775
245 10 - Сведения за заглавието
Заглавие Сталинска грижа за благото на народа
Авторска отговорност Н. Немов ; прев. от рус. Катя Койчева.
257 ## - Страна на издаване
Страна на създаване/издаване България
260 ## - Област на издателските данни
Място на издаване София
Име на издателя Профиздат
Година на издаване 1952
9 (RLIN) 210729
300 ## - Физическа характеристика
Брой страници 112 с.
Размер 18 см
380 ## - Жанр
Жанр Обществени науки
500 ## - Общи забележки
Обща забележка Ориг. загл. Сталинская забота о благе народа
650 #0 - Допълнително описание по предмет – тема
Предметна рубрика Жизнено равнище
9 (RLIN) 292388
650 #0 - Допълнително описание по предмет – тема
Предметна рубрика Социално-икономическо положение - СССР
9 (RLIN) 317968
651 #7 - Допълнително описание по предмет - топоним
9 (RLIN) 179592
Географско понятие СССР
700 ## - Други автори (авторска отговорност)
9 (RLIN) 281153
Друг автор Койчева, Катя Атанасова
942 ## - АРТИКУЛИ
Вид на библиотечния документ Книги
Скрит в OPAC Не
Периодичен библиозапис Да
944 ## - СЪЗДАВАНЕ И РЕДАКЦИЯ на ЗАПИСА
Създаване/Редакция Създаване
Дата на регистрацията/редакция 2024-06-12
Служител, извършил регистрацията/редакцията 30560
Номер на служител Геновева Генчева
999 ## - СИСТЕМНИ КОНТРОЛНИ НОМЕРА
Koha biblionumber 407294
Koha biblioitemnumber 407294
Наличности
Код за отписване Код за изгубен артикул Източник на класификационната схема Код за повреда Коз за рестрикции Код за отдаване Артикулен № Име на библиотеката - собственик Име на библиотеката, в която се намира в момента Статус (Текущо местоположение) Дата на вписване в системата Местоположение - отдел Цена в лева Инвентарен номер Систематично азбучна сигнатура Баркод Цена в евро Служебен тип на артикула
Изтеглен Не е изгубен Universal Decimal Classification Не е повреден само за читалня ползва се в читалня 822372 Регионална библиотека "Любен Каравелов" Русе Регионална библиотека "Любен Каравелов" Русе Хранилище 2021-04-12 Основен фонд - ползва се само за читалня 0.00 40099 Цб 3.175.40099 900000041791 0.00 Книги
  Не е изгубен Universal Decimal Classification Не е повреден само за читалня ползва се в читалня 944361 Регионална библиотека "Любен Каравелов" Русе Регионална библиотека "Любен Каравелов" Русе Хранилище 2024-06-14 Основен фонд - ползва се само за читалня 1.00 120000909543 Цб І 42790 120000909543 0.51 Книги
Vip Innovations Ltd, Rousse, Bulgaria 2025